| 000 | 00459nam a22001697a 4500 | ||
|---|---|---|---|
| 999 |
_c3798 _d3798 |
||
| 003 | OSt | ||
| 005 | 20181122165258.0 | ||
| 008 | 181122b ||||| |||| 00| 0 eng d | ||
| 040 | _cDLC | ||
| 082 |
_a254.5 _bT849V |
||
| 100 | _aCharles Trombley and Gordon Lindsay | ||
| 245 | _aVisitation: Key to Church Growth | ||
| 260 |
_aDallas, Texas; _bA Christ For the Nations, Inc. Book; _cc1975 |
||
| 300 |
_a39p.; _c19cm |
||
| 650 | _2church growth | ||
| 942 |
_2ddc _cBK |
||